|
|
|
|
| LEADER |
00000nam0a2200000 4500 |
| 001 |
285301 |
| 005 |
20231101235800.0 |
| 020 |
|
|
|a RU
|b 83-91203
|
| 035 |
|
|
|a (RuTPU)RU\TPU\book\309536
|
| 090 |
|
|
|a 285301
|
| 100 |
|
|
|a 20150224d1983 m y0rusy5003 ca
|
| 101 |
0 |
|
|a rus
|
| 102 |
|
|
|a RU
|
| 105 |
|
|
|a a j 000zy
|
| 200 |
1 |
|
|a Практикум по инженерной психологии и психологии труда
|e учебное пособие
|f Т. П. Зинченко [и др.]
|g Ленинградский государственный университет (ЛГУ) ; под ред. А. А. Крылова
|
| 210 |
|
|
|a Ленинград
|c Изд-во ЛГУ
|d 1983
|
| 215 |
|
|
|a 208 с.
|c ил.
|
| 606 |
1 |
|
|a Инженерная психология
|2 stltpush
|3 (RuTPU)RU\TPU\subj\12577
|9 39340
|
| 610 |
1 |
|
|a лабораторные занятия
|
| 610 |
1 |
|
|a психология труда
|
| 610 |
1 |
|
|a практические занятия
|
| 610 |
1 |
|
|a человек-оператор
|
| 610 |
1 |
|
|a инженерно-психологическое проектирование
|
| 610 |
1 |
|
|a практикумы
|
| 610 |
1 |
|
|a учебные пособия
|
| 686 |
|
|
|a Ю941.1
|v LBC/SL-A
|2 rubbk
|
| 701 |
|
1 |
|a Зинченко
|b Т. П.
|g Татьяна Петровна
|
| 701 |
|
1 |
|a Суходольский
|b Г. В.
|
| 701 |
|
1 |
|a Дмитриева
|b М. А.
|
| 701 |
|
1 |
|a Лущихина
|b И. М.
|
| 702 |
|
1 |
|a Крылов
|b А. А.
|g Альберт Александрович
|4 340
|
| 712 |
0 |
2 |
|a Ленинградский государственный университет (ЛГУ)
|c (1924-1991)
|2 stltpush
|3 (RuTPU)RU\TPU\col\77
|
| 801 |
|
0 |
|a RU
|b RuMRKP
|c 19950704
|g psbo
|
| 801 |
|
1 |
|a RU
|b 63413507
|c 20150224
|
| 801 |
|
2 |
|a RU
|b 63413507
|c 20170602
|g RCR
|
| 942 |
|
|
|c BK
|